| 000 | 01342nam0a22002651 4500 | ||
|---|---|---|---|
| 001 | rc\4579142 | ||
| 005 | 20260407123007.0 | ||
| 021 |
_aRU _b[67-24159] |
||
| 035 | _a(NLR Aleph) 008656032 | ||
| 090 |
_a9031940 _c9031940 |
||
| 100 | _a20130416d1967 |||y0rusy50 ca | ||
| 101 | 0 | _arus | |
| 102 | _aRU | ||
| 105 | _ay j ||||| | ||
| 200 | 1 |
_aМатериал к лекции на тему "Внутрирайонная специализация сельского хозяйства" _e(На примере Бобровского района Воронежской обл.) _fВоронежская обл. организация о-ва "Знание" РСФСР |
|
| 210 |
_a[Воронеж] _cКоммуна _d1967 |
||
| 215 |
_a15 с. _d19 |
||
| 225 | 1 |
_aВ помощь лектору _fНауч.-исслед. ин-т сел. хоз-ва Центр.-Черноземной полосы им. В.В. Докучаева |
|
| 606 |
_aСельское хозяйство _yВоронежская область _xРазмещение и специализация _2psbo |
||
| 712 | 0 | 2 |
_a"Знание", общество РСФСР _bВоронежское областное отделение _3RU\NLR\AUTH\889960943 _9418208 |
| 801 | 0 |
_aRU _bNLR _gpsbo |
|
| 801 | 1 |
_aRU _bELAR _2rusmarc |
|
| 852 |
_aNLR _j67-4/7696 |
||
| 942 | _cBOOK | ||
| 980 | _aNB | ||